00411nam a2200145Ia 4500003000400000008004100004040001600045082001900061100001800080245008200098700001800180260004300198300001100241650001300252GCL140319s9999 xx 000 0 eng d aGCL / cGCL04a 620.1923bG M1 aGHANDA, MANAS10aPlastics Technology Handbook: Revised and Expanded., 2nd ed / cGHANDA, MANAS1 aROY, SALIL K. a[S.N] : bMARCEL DEKKER, INC ، c1993 a823 PP04aPLASTICS